Food, nutrition and agriculture; N26
Đã lưu trong:
| Tác giả chính: | |
|---|---|
| Định dạng: | Sách |
| Ngôn ngữ: | Undetermined |
| Được phát hành: |
Rome
FAO
2000
|
| Những chủ đề: | |
| Các nhãn: |
Thêm thẻ
Không có thẻ, Là người đầu tiên thẻ bản ghi này!
|
| Thư viện lưu trữ: | Trung tâm Học liệu Trường Đại học Cần Thơ |
|---|
| LEADER | 00465nam a2200181Ia 4500 | ||
|---|---|---|---|
| 001 | CTU_40115 | ||
| 008 | 210402s9999 xx 000 0 und d | ||
| 082 | |a 640 | ||
| 082 | |b F686.1/N26 | ||
| 100 | |a FAO | ||
| 245 | 0 | |a Food, nutrition and agriculture; N26 | |
| 245 | 0 | |c FAO | |
| 260 | |a Rome | ||
| 260 | |b FAO | ||
| 260 | |c 2000 | ||
| 650 | |a food supply | ||
| 904 | |i Nguyễn Qunag Điền, 001227 | ||
| 980 | |a Trung tâm Học liệu Trường Đại học Cần Thơ | ||